000 00660nam a2200289Ia 4500
005 20260324141432.0
008 008 260324s9999 xx 000 0 eng d
020 _a9780203206201
037 _aEBOOK
040 _aCRL
040 _beng
040 _cCRL
041 _2eng
041 _aeng
084 _qCRL
100 _aTerry Threadgold
_91208178
245 0 _aFeminist Poetics
245 0 _bPerformance, Histories
260 _bTaylor and Francis
260 _c1997
365 _a
365 _b280
856 _uhttp://www.taylorfrancis.com/books/9780203206201
942 _cEBOOK
999 _c1811271
_d1811271